[Event "Campionatul  National de sah pentru cop"]
[Site "Calimanesti-Caciulata"]
[Date "2015.04.01"]
[Round "3.6"]
[White "Muntianu, Razvan-Gavril"]
[Black "Stoleriu , George"]
[Result "0-1"]
[WhiteElo "1778"]
[BlackElo "2104"]
[PlyCount "106"]
[EventDate "2015.03.30"]
[EventRounds "7"]

1. d4 f5 2. g3 g6 3. Bg2 Nf6 4. c4 Bg7 5. Nf3 O-O 6. O-O d6 7. Nc3 Qe8 8. Bd2
c6 9. b4 Ne4 10. Rc1 Na6 11. a3 Nc7 12. e3 Nxd2 13. Qxd2 e5 14. dxe5 dxe5 15.
Rfd1 e4 16. Nd4 Bd7 17. Bf1 Rd8 18. Nb3 Ne6 19. c5 Ng5 20. Be2 Be6 21. Qc2 Qf7
22. Rxd8 Rxd8 23. Nd2 Qf6 24. Ncb1 Nf7 25. Bc4 Ne5 26. Bxe6+ Qxe6 27. Qb3 Qxb3
28. Nxb3 Rd3 29. N3d2 Nf3+ 30. Nxf3 exf3 31. Kf1 Bb2 32. Re1 g5 33. e4 f4 34.
gxf4 gxf4 35. a4 Kf7 36. h3 Ke6 37. Kg1 Ke5 38. Kh2 Rd4 39. b5 Rxe4 40. Nd2
Rxe1 41. Nxf3+ Ke4 42. Nxe1 Bc3 43. bxc6 bxc6 44. Ng2 Bd4 45. Kg1 Kf3 46. Nh4+
Ke2 47. Kg2 Bxf2 48. Nf3 Bxc5 49. Ne5 Be3 50. h4 c5 51. h5 c4 52. Nxc4 f3+ 53.
Kg3 f2 0-1

[Event "Campionatul  National de sah pentru cop"]
[Site "Calimanesti-Caciulata"]
[Date "2015.04.02"]
[Round "4.1"]
[White "Mongescu, Victor"]
[Black "Stoleriu , George"]
[Result "0-1"]
[WhiteElo "1802"]
[BlackElo "2104"]
[PlyCount "76"]
[EventDate "2015.03.30"]
[EventRounds "7"]

1. e4 c5 2. c3 d5 3. exd5 Qxd5 4. d4 cxd4 5. cxd4 Nc6 6. Nf3 Bg4 7. Be2 e6 8.
Nc3 Bb4 9. O-O Qa5 10. Be3 Nf6 11. h3 Bh5 12. Qb3 O-O 13. Rac1 Rfd8 14. Rfd1
Rac8 15. a3 Bxc3 16. bxc3 Rd7 17. Kf1 Rcd8 18. g4 Bg6 19. Ne5 Nxe5 20. dxe5
Qxe5 21. Rxd7 Rxd7 22. Qc4 h6 23. Kg1 Rc7 24. Bf4 Rxc4 25. Bxe5 Ra4 26. Bd6 Ne4
27. Bb4 a5 28. Be7 Ng5 29. c4 Nxh3+ 30. Kh2 Nxf2 31. Kg3 Ne4+ 32. Kf4 b5 33.
Bd3 Nd2 34. Be2 b4 35. Ke3 Nb3 36. c5 Nxc1 37. c6 Rxa3+ 38. Kd2 Nxe2 0-1

[Event "Campionatul  National de sah pentru cop"]
[Site "Calimanesti-Caciulata"]
[Date "2015.04.02"]
[Round "5.1"]
[White "Stoleriu , George"]
[Black "Szocs, Teodor Iulian"]
[Result "1-0"]
[WhiteElo "2104"]
[BlackElo "2014"]
[PlyCount "59"]
[EventDate "2015.03.30"]
[EventRounds "7"]

1. f4 d5 2. b3 c5 3. e3 Nf6 4. Bb2 e6 5. Nf3 Nc6 6. Bb5 Bd7 7. O-O Be7 8. d3
Qc7 9. Bxc6 Bxc6 10. Ne5 Bd6 11. Nd2 O-O-O 12. Ndf3 Ne8 13. Ng5 Bxe5 14. fxe5
Rd7 15. Qh5 g6 16. Qh6 d4 17. exd4 cxd4 18. Rae1 Rg8 19. Qxh7 Rg7 20. Qh8 Qd8
21. h4 Rc7 22. Rf2 Qd5 23. a4 b6 24. Ba3 Kb7 25. Bf8 f6 26. exf6 Nxf6 27. Bxg7
Ng4 28. Rfe2 Ne3 29. Ne4 Rf7 30. Bxd4 1-0

[Event "Campionatul  National de sah pentru cop"]
[Site "Calimanesti-Caciulata"]
[Date "2015.04.03"]
[Round "6.1"]
[White "Stoleriu , George"]
[Black "Ileana, George"]
[Result "1-0"]
[WhiteElo "2104"]
[BlackElo "2062"]
[PlyCount "31"]
[EventDate "2015.03.30"]
[EventRounds "7"]

1. e4 c5 2. Nc3 Nc6 3. Bb5 Nd4 4. Bc4 e6 5. Nge2 Nf6 6. O-O d5 7. exd5 exd5 8.
Nxd5 Nf3+ 9. Kh1 Nxd5 10. Nc3 Nxh2 11. Re1+ Ne7 12. Qh5 g6 13. Qxh2 Be6 14.
Bxe6 fxe6 15. Qe5 Qd4 16. Qxe6 1-0

[Event "Campionatul  National de sah pentru cop"]
[Site "Calimanesti-Caciulata"]
[Date "2015.04.05"]
[Round "8.1"]
[White "Carasca, Bogdan-Petru"]
[Black "Stoleriu , George"]
[Result "0-1"]
[WhiteElo "1724"]
[BlackElo "2104"]
[PlyCount "90"]
[EventDate "2015.03.30"]
[EventRounds "7"]

1. d4 e6 2. Nf3 Nf6 3. Bg5 c5 4. e3 Nc6 5. c3 Qa5 6. Nbd2 d5 7. Nb3 Qb6 8. dxc5
Bxc5 9. Nxc5 Qxc5 10. Be2 Ne4 11. Bf4 f6 12. Nd2 Nxd2 13. Qxd2 e5 14. Bg3 Be6
15. f3 O-O 16. Bf2 Rfd8 17. O-O Rac8 18. Rfd1 Qa5 19. Qe1 a6 20. a3 b5 21. Rd2
Qc7 22. Rad1 e4 23. Bg3 Qb6 24. Qf2 f5 25. fxe4 fxe4 26. Bf4 Rf8 27. Qg3 Ne7
28. Bg4 Bxg4 29. Qxg4 Rc6 30. Kh1 Rcf6 31. h3 Nf5 32. Rxd5 Nxe3 33. Bxe3 Qxe3
34. Re5 Rf1+ 35. Rxf1 Rxf1+ 36. Kh2 Qg1+ 37. Kg3 Qe3+ 38. Kh2 Qg1+ 39. Kg3 Rf3+
40. Kh4 Qf2+ 41. Kh5 g6+ 42. Kh6 Rf5 43. Qxe4 Qd2+ 44. Qe3 Qxe3+ 45. Rxe3 Rh5#
0-1

[Event "Campionatul  National de sah pentru cop"]
[Site "Calimanesti-Caciulata"]
[Date "2015.04.06"]
[Round "9.1"]
[White "Stoleriu , George"]
[Black "Albu, George"]
[Result "1-0"]
[WhiteElo "2104"]
[BlackElo "1764"]
[PlyCount "99"]
[EventDate "2015.03.30"]
[EventRounds "7"]

1. e4 g6 2. Nc3 Bg7 3. f4 c5 4. Nf3 a6 5. a4 Nc6 6. g3 d6 7. h3 e6 8. Bg2 Nge7
9. O-O O-O 10. d3 Rb8 11. Be3 Nd4 12. Rb1 Qa5 13. Bd2 Qc7 14. Ne2 Bd7 15. b3 b5
16. axb5 axb5 17. c3 Nxf3+ 18. Bxf3 c4 19. dxc4 bxc4 20. b4 d5 21. e5 f6 22.
exf6 Bxf6 23. Be3 Nf5 24. Bc5 Rfe8 25. Ra1 Nxg3 26. Nxg3 Bxc3 27. Ra7 Rb7 28.
Rxb7 Qxb7 29. Ne2 Bxb4 30. Bxb4 Qxb4 31. Qd4 Bc6 32. Nc3 Qd6 33. Ne4 Qc7 34.
Nf6+ Kf7 35. Nxe8 Bxe8 36. Ra1 Bc6 37. Kg2 Bb7 38. Qh8 Qxf4 39. Qxh7+ Kf6 40.
Qxb7 Qd2+ 41. Kh1 c3 42. Rf1 c2 43. Bg2+ Kg5 44. Qe7+ Kh6 45. Qh4+ Kg7 46. Qe1
Qd3 47. Bf3 d4 48. Qe5+ Kh7 49. Be2 Qc3 50. Rf7+ 1-0

[Event "EU-ch U14"]
[Site "?"]
[Date "2015.09.22"]
[Round "?"]
[White "Stoleriu , George"]
[Black "Georgakopoulos, Nikolaos K"]
[Result "1-0"]
[WhiteElo "2227"]
[BlackElo "2060"]
[PlyCount "135"]
[EventDate "2015.??.??"]

1. e4 c5 2. Nc3 Nc6 3. Bb5 Nd4 4. Bc4 a6 5. Nge2 e6 6. d3 b5 7. Bb3 Bb7 8. O-O
d5 9. exd5 Nxb3 10. axb3 exd5 11. d4 c4 12. Re1 Bb4 13. Nf4+ Ne7 14. Qg4 O-O
15. Nh5 Ng6 16. Bg5 Qc8 17. Qf3 f6 18. Bd2 Qd7 19. Ng3 Rfe8 20. Nf5 Kh8 21. h4
Rad8 22. h5 Ne7 23. Ng3 Nc6 24. Be3 Na5 25. h6 cxb3 26. Nh5 g6 27. Nxf6 Qf7 28.
Nxe8 Qxf3 29. gxf3 Rxe8 30. Bf4 Rf8 31. Be5+ Kg8 32. cxb3 Nxb3 33. Rad1 Rxf3
34. Bg7 Kf7 35. Re3 Rxe3 36. fxe3 Bxc3 37. bxc3 Bc8 38. e4 dxe4 39. Kf2 a5 40.
Be5 a4 41. Ke3 Bf5 42. Bd6 Ke6 43. Bb4 Kd5 44. Kf4 Be6 45. Kg5 Bf5 46. Kf4 Be6
47. Rg1 Bf5 48. Ke3 Kc4 49. d5 Kxd5 50. Rd1+ Ke5 51. Rd8 Kf6 52. Rb8 Na1 53.
Kd2 Nb3+ 54. Ke2 Kg5 55. Bf8 a3 56. Bxa3 Kxh6 57. Rxb5 Na1 58. Rb2 Kg5 59. Ke3
h5 60. Be7+ Kg4 61. c4 h4 62. c5 h3 63. c6 g5 64. c7 Kh5 65. Bd6 Kh4 66. Be5
Kg4 67. Rf2 Bd7 68. Bxa1 1-0

[Event "EU-ch U14"]
[Site "?"]
[Date "2015.09.27"]
[Round "?"]
[White "Akdogan, Alperen"]
[Black "Stoleriu , George"]
[Result "1-0"]
[WhiteElo "1868"]
[BlackElo "2227"]
[PlyCount "119"]
[EventDate "2015.??.??"]

1. d4 e6 2. Nf3 Nf6 3. c4 Bb4+ 4. Nbd2 O-O 5. g3 d6 6. Bg2 Qe7 7. O-O Bxd2 8.
Bxd2 e5 9. d5 a5 10. Qc2 Nbd7 11. e4 Nc5 12. Ne1 Bd7 13. Be3 Na6 14. h3 b5 15.
b3 Rfb8 16. Nd3 c5 17. Rfe1 Nb4 18. Qd2 bxc4 19. bxc4 Ba4 20. Rac1 Rb7 21. f4
Nd7 22. Nb2 Nxa2 23. Nxa4 Nxc1 24. Rxc1 Nb6 25. Nb2 a4 26. Qc2 f6 27. Ra1 a3
28. Nd1 Qd7 29. Bf1 Nc8 30. Bc1 Rba7 31. Nc3 Nb6 32. Nb5 Ra4 33. Rxa3 Rxa3 34.
Bxa3 Re8 35. Bc1 Nc8 36. Kg2 exf4 37. Bxf4 Qe7 38. Bd3 g5 39. Bc1 Na7 40. Bb2
Nc8 41. Qf2 Rf8 42. Qf5 Nb6 43. Be2 Na4 44. Ba1 Nb6 45. Qe6+ Qxe6 46. dxe6 Nc8
47. Bh5 Kg7 48. Nc7 Kh6 49. g4 Ne7 50. Nd5 Ng6 51. Bxf6 Nh4+ 52. Kf2 Ra8 53.
Ne7 Ra2+ 54. Kf1 Ra8 55. Nf5+ Nxf5 56. exf5 d5 57. e7 d4 58. e8=Q Rxe8 59. Bxe8
d3 60. Be7 1-0

[Event "Calimanesti ROM, Ch U12 (b) 2014"]
[Site "Calimanesti ROM"]
[Date "2014.04.06"]
[Round "1.2"]
[White "Gogonea, Paul"]
[Black "Stoleriu , George"]
[Result "1-0"]
[WhiteElo "1479"]
[BlackElo "1882"]
[PlyCount "97"]
[EventDate "2014.04.06"]
[EventType "swiss"]
[EventRounds "9"]
[EventCountry "ROM"]

1. d4 Nf6 2. Bg5 e6 3. Nf3 Be7 4. e3 O-O 5. Be2 b6 6. O-O Bb7 7. c4 d6 8. Nc3
Nbd7 9. b3 c5 10. Nb5 Ne4 11. Bxe7 Qxe7 12. Qc2 f5 13. Rfd1 Ndf6 14. Rac1 Ng4
15. Rf1 $11 a6 16. Nc3 Ngxf2 17. Rxf2 Nxf2 18. Kxf2 cxd4 19. exd4 Bxf3 20. Bxf3
Qh4+ 21. Kf1 Rae8 22. Qd2 Qxh2 23. Bc6 Re7 24. Qg5 Rc7 25. Bf3 h6 26. Qe3 e5
27. dxe5 dxe5 28. Nd5 Rcf7 29. Nxb6 e4 30. Be2 f4 31. Qg1 $11 Qh4 32. Qf2 Qg5
33. Rc3 Qa5 34. Nd5 Qxa2 35. Bg4 Qa1+ 36. Qe1 Qxe1+ 37. Kxe1 Kh8 38. Ke2 g6 39.
Kf2 f3 40. gxf3 h5 41. Be6 Rxf3+ 42. Rxf3 Rxf3+ 43. Ke2 h4 44. c5 h3 45. Bxh3
Rxh3 46. c6 Rxb3 47. c7 Rb2+ 48. Kd1 Rb1+ 49. Kc2 1-0

[Event "Calimanesti ROM, Ch U12 (b) 2014"]
[Site "Calimanesti ROM"]
[Date "2014.04.07"]
[Round "2.23"]
[White "Stoleriu , George"]
[Black "Visan, Dragos-Cezar"]
[Result "1-0"]
[WhiteElo "1882"]
[BlackElo "1092"]
[PlyCount "83"]
[EventDate "2014.04.06"]
[EventType "swiss"]
[EventRounds "9"]
[EventCountry "ROM"]

1. e4 e6 2. d4 d5 3. exd5 exd5 4. Nf3 Nc6 5. Bb5 Nf6 6. O-O Bg4 7. Bf4 Bd6 8.
Re1+ Ne4 9. Bxd6 Qxd6 10. Nc3 O-O 11. Bxc6 Qxc6 12. Nxe4 dxe4 13. Ne5 Qe6 14.
Qxg4 Qxg4 15. Nxg4 f5 16. Ne5 Rae8 17. f3 c5 18. Nd7 Rf7 19. Nxc5 b6 20. Nd3
Rc8 21. Ne5 Re7 22. c3 Re6 23. fxe4 f4 24. Nd3 Rf8 25. e5 f3 26. Rf1 Rg6 27. g3
Rf5 28. d5 Rh6 29. d6 Kf8 30. Rad1 Rfh5 31. Rxf3+ Ke8 32. Nf2 Rg6 33. Ne4 Rxg3+
34. hxg3 Rh6 35. d7+ Kd8 36. e6 Rxe6 37. Rf8+ Kc7 38. d8=Q+ Kc6 39. Qd5+ Kc7
40. Rf7+ Re7 41. Rxe7+ Kb8 42. Qd8# 1-0

[Event "Calimanesti ROM, Ch U12 (b) 2014"]
[Site "Calimanesti ROM"]
[Date "2014.04.09"]
[Round "4.6"]
[White "Stoleriu , George"]
[Black "Schneider, Erik"]
[Result "1-0"]
[WhiteElo "1882"]
[BlackElo "1615"]
[PlyCount "31"]
[EventDate "2014.04.06"]
[EventType "swiss"]
[EventRounds "9"]
[EventCountry "ROM"]

1. f4 d5 2. b3 Nf6 3. Bb2 c5 4. e3 Bg4 5. Nf3 e6 6. Bb5+ Nc6 7. O-O Bd6 8. Qe1
O-O 9. Ne5 Nb4 10. Na3 a6 11. Bd3 b5 12. Qg3 Rc8 13. Nxg4 Nh5 14. Qh3 Nxd3 15.
cxd3 g6 16. Nh6# 1-0

[Event "Calimanesti ROM, Ch U12 (b) 2014"]
[Site "Calimanesti ROM"]
[Date "2014.04.09"]
[Round "5.3"]
[White "Cristescu, Andrei-Stefan"]
[Black "Stoleriu , George"]
[Result "0-1"]
[WhiteElo "1546"]
[BlackElo "1882"]
[PlyCount "86"]
[EventDate "2014.04.06"]
[EventType "swiss"]
[EventRounds "9"]
[EventCountry "ROM"]

1. e4 c6 2. d4 d5 3. exd5 cxd5 4. Bd3 Nc6 5. c3 Nf6 6. Bf4 Bg4 7. Qb3 Qc8 8. f3
Bd7 9. Ne2 e6 10. O-O Be7 11. Nd2 O-O 12. Bg3 Na5 13. Qd1 Nc4 14. Nxc4 dxc4 15.
Bc2 Nd5 16. Qd2 b5 17. Rae1 b4 18. Nf4 bxc3 19. bxc3 Bg5 20. Re2 Qa6 21. Bb1
Qa3 22. Qc2 f5 23. Nxd5 exd5 24. Be5 Rae8 25. f4 Bd8 26. Rf3 Re6 27. Rg3 g6 28.
Rf2 Bh4 29. Rgf3 Bxf2+ 30. Rxf2 Rb6 31. h3 Ba4 32. Qd2 Rxb1+ 33. Kh2 Qc1 34.
Qe2 Qe1 35. Qf3 Rd8 36. Re2 Qg1+ 37. Kg3 Bd1 38. Bc7 Bxe2 39. Qxe2 Re1 40. Qb2
Re3+ 41. Kh4 Qe1+ 42. Kg5 Qg3+ 43. Kf6 Rf8# 0-1

[Event "Calimanesti ROM, Ch U12 (b) 2014"]
[Site "Calimanesti ROM"]
[Date "2014.04.10"]
[Round "6.2"]
[White "Stoleriu , George"]
[Black "David, Bogdan-Emanuel"]
[Result "1/2-1/2"]
[WhiteElo "1882"]
[BlackElo "1761"]
[PlyCount "97"]
[EventDate "2014.04.06"]
[EventType "swiss"]
[EventRounds "9"]
[EventCountry "ROM"]

1. e4 d6 2. d4 Nf6 3. Nc3 g6 4. Be3 c6 5. Qd2 b5 6. Bd3 Bb7 7. Nf3 Qc7 8. Ne2
Nbd7 9. Ng3 a6 10. a4 e5 11. dxe5 dxe5 12. h3 Bg7 13. Bh6 O-O 14. h4 c5 15.
Bxg7 Kxg7 16. h5 c4 17. hxg6 fxg6 18. Qh6+ Kg8 19. Be2 Nc5 20. Ng5 Qg7 21.
Qxg7+ Kxg7 22. f3 h6 23. Nh3 Nxa4 24. Bxc4 Nxb2 25. Bb3 Rac8 26. Nf1 Nc4 27.
Nf2 Rfe8 28. Nd3 Re7 29. Ke2 Nh5 30. g4 Nf6 31. Ne3 Nxe3 32. Kxe3 Nd7 33. Rhd1
Nb6 34. Kf2 Nc4 35. Nb4 Rf7 36. Kg3 a5 37. Nd3 Re7 38. Bxc4 bxc4 39. Nxe5 Bxe4
40. Nxc4 Rxc4 41. fxe4 Rexe4 42. Rd7+ Kf6 43. Rd6+ Re6 44. Rxe6+ Kxe6 45. Rxa5
Rxc2 46. Ra6+ Kf7 47. Ra7+ Kf6 48. Ra6+ Kg5 49. Ra5+ 1/2-1/2

[Event "Calimanesti ROM, Ch U12 (b) 2014"]
[Site "Calimanesti ROM"]
[Date "2014.04.11"]
[Round "7.3"]
[White "Samfirescu, Andrei-Alexandru"]
[Black "Stoleriu , George"]
[Result "0-1"]
[WhiteElo "1518"]
[BlackElo "1882"]
[PlyCount "84"]
[EventDate "2014.04.06"]
[EventType "swiss"]
[EventRounds "9"]
[EventCountry "ROM"]

1. e4 c6 2. d4 d5 3. exd5 cxd5 4. Bd3 Nc6 5. c3 Nf6 6. Bf4 g6 7. Nd2 Bg7 8.
Ngf3 O-O 9. O-O Bf5 10. Bxf5 gxf5 11. Re1 e6 12. Ne5 Ne4 13. Nd3 Kh8 14. f3 Nf6
15. Nf1 Rg8 16. Kh1 Nh5 17. Qd2 Nxf4 18. Qxf4 Qf6 19. Ne5 Nxe5 20. Qxe5 Qg6 21.
Qg3 Qh6 22. Qc7 Qg6 23. Qg3 Qf6 24. Qf2 f4 25. Nd2 b5 26. a3 a5 27. Nb3 Qh6 28.
Nc5 Bf6 29. Qe2 Bh4 30. Rg1 Bg3 31. h3 Rg5 32. Nd3 Rh5 33. Qf1 Rg8 34. Ne5 Qg7
35. Ng4 f5 36. Nf2 Bxf2 37. Qxf2 Qh6 38. Qe2 Rg3 39. Rgd1 Rgxh3+ 40. gxh3 Rxh3+
41. Kg1 Rh1+ 42. Kf2 Qh2# 0-1

[Event "Calimanesti ROM, Ch U12 (b) 2014"]
[Site "Calimanesti ROM"]
[Date "2014.04.12"]
[Round "8.3"]
[White "Stoleriu , George"]
[Black "Cotruta, Alexandru-Mihai"]
[Result "0-1"]
[WhiteElo "1882"]
[BlackElo "1625"]
[PlyCount "134"]
[EventDate "2014.04.06"]
[EventType "swiss"]
[EventRounds "9"]
[EventCountry "ROM"]

1. e4 c5 2. Nc3 e6 3. f4 Nc6 4. Bb5 Nge7 5. Nf3 d5 6. O-O a6 7. Bxc6+ Nxc6 8.
d3 Be7 9. Qe1 O-O 10. g4 d4 11. Ne2 f5 12. gxf5 exf5 13. e5 Be6 14. a3 Bd5 15.
Qg3 Qe8 16. Bd2 Qh5 17. Qg2 b5 18. Ng3 Qg6 19. Qf2 Rfd8 20. Rfd1 Qg4 21. Rf1
Rac8 22. Rad1 Rc7 23. Qg2 c4 24. Ne2 Qxg2+ 25. Kxg2 cxd3 26. cxd3 Bc5 27. Rc1
Bb6 28. Kg3 Rdc8 29. Rfe1 h6 30. Rc2 Bxf3 31. Kxf3 Nxe5+ 32. fxe5 Rxc2 33. Bc1
Re8 34. Kf4 Ba5 35. b4 Bb6 36. Kxf5 Rec8 37. e6 Kf8 38. Bf4 Ke7 39. Kg6 Rf8 40.
Be5 Rc6 41. Nf4 Ke8 42. Kxg7 Bc7 43. Nd5 Bxe5+ 44. Rxe5 Rf2 45. Nf6+ Ke7 46.
Ng8+ Kd8 47. e7+ Ke8 48. Rd5 Rg2+ 49. Kh7 Rc8 50. Re5 Rc6 51. Rd5 Rc8 52. Rxd4
Rf2 53. h4 h5 54. Rd5 Rf7+ 55. Kh8 Rf3 56. Rd6 Rg3 57. Re6 Kd7 58. e8=Q+ Rxe8
59. Rxe8 Kxe8 60. Kh7 Kf7 61. Nh6+ Ke6 62. d4 Rh3 63. Kg6 Rxh4 64. Kg5 Rh1 65.
Nf5 Rg1+ 66. Kf4 Rf1+ 67. Ke4 Rxf5 0-1

[Event "Calimanesti ROM, Ch U12 (b) 2014"]
[Site "Calimanesti ROM"]
[Date "2014.04.13"]
[Round "9.5"]
[White "Nechita, Vlad-Mihai"]
[Black "Stoleriu , George"]
[Result "0-1"]
[WhiteElo "1641"]
[BlackElo "1882"]
[PlyCount "98"]
[EventDate "2014.04.06"]
[EventType "swiss"]
[EventRounds "9"]
[EventCountry "ROM"]

1. d4 f5 2. c3 Nf6 3. Bg5 e6 4. e3 d6 5. Nd2 Be7 6. Bd3 O-O 7. Ne2 Nc6 8. Bxf6
Bxf6 9. Qc2 g6 10. f3 e5 11. O-O-O d5 12. dxe5 Nxe5 13. Bb5 c6 14. Ba4 b5 15.
Bb3 Kh8 16. e4 fxe4 17. Nxe4 Qe7 18. Nxf6 Qxf6 19. Qd2 Bf5 20. Bc2 Nc4 21. Qh6
Bxc2 22. Kxc2 Rae8 23. Rde1 Ne3+ 24. Kd2 Nxg2 25. Reg1 Qxf3 26. Nd4 Qf2+ 27.
Kc1 Re1+ 28. Rxe1 Nxe1 29. b3 c5 30. Qd2 cxd4 31. Rxe1 Qxd2+ 32. Kxd2 Rf2+ 33.
Kd3 dxc3 34. Kxc3 Rxa2 35. h4 a5 36. Re5 b4+ 37. Kd4 Rd2+ 38. Kc5 Rd3 39. Kd6
Rxb3 40. Rxd5 a4 41. Ke5 a3 42. Ra5 Re3+ 43. Kf4 Re8 44. Ra4 Rb8 45. h5 gxh5
46. Kg5 b3 47. Kh6 b2 48. Ra7 b1=Q 49. Rxh7+ Qxh7+ 0-1

[Event "OPEN IASI 2014"]
[Site "Iasi"]
[Date "2014.05.10"]
[Round "1.18"]
[White "Stoleriu , George"]
[Black "Miron, Lucian Costin"]
[Result "0-1"]
[WhiteElo "1914"]
[BlackElo "2524"]
[PlyCount "76"]
[EventDate "2014.??.??"]

1. e4 e5 2. Nf3 Nc6 3. Bb5 a6 4. Ba4 Nf6 5. d3 d6 6. c3 Be7 7. O-O O-O 8. Re1
b5 9. Bc2 d5 10. d4 Nxe4 11. dxe5 Bg4 12. Bf4 Bc5 13. Bxe4 dxe4 14. Qxd8 Raxd8
15. Nfd2 Bf5 16. e6 fxe6 17. Bxc7 e3 18. fxe3 Rd3 19. Nf1 e5 20. b4 Ba7 21. a4
Rd7 22. axb5 axb5 23. Ba5 Bd3 24. Nbd2 Ne7 25. Kh1 Nd5 26. Rac1 Rc8 27. Nf3
Bxf1 28. Rxf1 Nxe3 29. Rfe1 Ng4 30. h3 Nf2+ 31. Kh2 Nd3 32. Rcd1 Rxc3 33. Re4
Re7 34. Bd8 Re8 35. Bc7 Nf2 36. Rd7 Nxe4 37. Bxe5 Bb8 38. Rxg7+ Kf8 0-1

[Event "OPEN IASI 2014"]
[Site "Iasi"]
[Date "2014.05.11"]
[Round "2.71"]
[White "Porcoleanu, Doina Olga"]
[Black "Stoleriu , George"]
[Result "0-1"]
[WhiteElo "1663"]
[BlackElo "1914"]
[PlyCount "81"]
[EventDate "2014.??.??"]

1. d4 Nf6 2. c4 e6 3. Nf3 Bb4+ 4. Bd2 Qe7 5. e3 Nc6 6. a3 Bxd2+ 7. Nbxd2 d6 8.
Be2 O-O 9. O-O a5 10. b3 e5 11. d5 Nb8 12. e4 Na6 13. Qc2 Nh5 14. Qc3 Nf4 15.
Rfe1 Nc5 16. Bf1 f5 17. b4 axb4 18. axb4 Rxa1 19. Rxa1 Nxe4 20. Nxe4 fxe4 21.
Ne1 Bg4 22. Qe3 Qg5 23. Kh1 Qg6 24. Ra2 b5 25. Ra7 bxc4 26. Bxc4 Kh8 27. b5 Bf3
28. Bf1 Bg4 29. Qd2 Qf7 30. Bc4 Rb8 31. b6 Bc8 32. Qa5 Nd3 33. Nxd3 exd3 34.
Kg1 d2 35. Qxd2 Rxb6 36. Qa2 Qf5 37. Rxc7 Qb1+ 38. Qxb1 Rxb1+ 39. Bf1 Ba6 40.
h3 Rxf1+ 41. Kh2 0-1

[Event "OPEN IASI 2014"]
[Site "OPEN IASI 2014"]
[Date "2014.05.12"]
[Round "3.42"]
[White "Stoleriu , George"]
[Black "Chircu, Vadim"]
[Result "1-0"]
[WhiteElo "1914"]
[BlackElo "2201"]
[PlyCount "115"]
[EventDate "2014.??.??"]

1. f4 d5 2. e3 Nf6 3. b3 Bf5 4. Bb2 e6 5. Nf3 h6 6. Be2 Be7 7. O-O O-O 8. d3 c5
9. Ne5 Nfd7 10. Nxd7 Nxd7 11. Nd2 Qc7 12. Nf3 Bd6 13. c4 Bh7 14. Qe1 Rfe8 15.
Qc3 f6 16. d4 Rac8 17. Rac1 Qb6 18. Qd2 Kh8 19. Kh1 Be4 20. Bd3 e5 21. fxe5
fxe5 22. dxe5 Nxe5 23. Bxe4 dxe4 24. Nxe5 Bxe5 25. Bxe5 Rxe5 26. Rcd1 Ree8 27.
Qd5 Qa5 28. Qxb7 Rc7 29. Qb5 Qxb5 30. cxb5 c4 31. bxc4 Rxc4 32. h3 Ra4 33. Rd2
Ra3 34. Re1 Re5 35. Rb2 Kh7 36. Ree2 Re6 37. Rb4 Kg6 38. Kh2 h5 39. g3 Kf5 40.
h4 Ke5 41. Rc4 Rd6 42. Kg2 g6 43. Rc5+ Ke6 44. Rg5 Kf6 45. Rf2+ Kg7 46. Re5
Rxe3 47. Re7+ Kg8 48. Rc2 Rd8 49. Rxa7 Red3 50. Re7 e3 51. Re2 Ra8 52. b6 Rd2
53. R7xe3 Raxa2 54. Kf3 Rxe2 55. Rxe2 Ra3+ 56. Re3 Ra8 57. b7 Rb8 58. Re7 1-0

[Event "OPEN IASI 2014"]
[Site "OPEN IASI 2014"]
[Date "2014.05.13"]
[Round "4.41"]
[White "Vermeulen, Wesley"]
[Black "Stoleriu , George"]
[Result "1-0"]
[WhiteElo "2233"]
[BlackElo "1914"]
[PlyCount "149"]
[EventDate "2014.??.??"]

1. e4 c6 2. d4 d5 3. Nc3 dxe4 4. Nxe4 Bf5 5. Ng3 Bg6 6. h4 h6 7. Nh3 e6 8. Nf4
Bh7 9. Bc4 Nf6 10. Qe2 Nd5 11. c3 Be7 12. Ngh5 Nxf4 13. Bxf4 Bf6 14. g4 Nd7 15.
g5 hxg5 16. hxg5 Bxg5 17. Nxg7+ Kf8 18. Nxe6+ fxe6 19. Qxe6 Qe8 20. Bxg5 Qxe6+
21. Bxe6 Re8 22. Rh6 Rg8 23. O-O-O Rxe6 24. Rxh7 Ke8 25. d5 cxd5 26. Rxd5 Nf6
27. Bxf6 Rxf6 28. Rxb7 Rg1+ 29. Rd1 Rxd1+ 30. Kxd1 Rxf2 31. Kc1 a5 32. Rb5 a4
33. a3 Rf6 34. Kc2 Rf2+ 35. Kd3 Kd7 36. c4 Kc6 37. Kc3 Rh2 38. Rd5 Rh3+ 39. Rd3
Rh4 40. Kb4 Rh2 41. Kc3 Rh4 42. Rd2 Kc5 43. Rd5+ Kb6 44. Rb5+ Ka6 45. Kb4 Rg4
46. Ra5+ Kb6 47. Rxa4 Rg2 48. b3 Rg8 49. c5+ Kc6 50. Ra6+ Kc7 51. Kb5 Rg5 52.
b4 Kb7 53. Rh6 Rg7 54. a4 Ka7 55. a5 Rf7 56. a6 Rg7 57. Ka5 Rc7 58. b5 Rxc5 59.
Rh7+ Kb8 60. Kb6 Rc8 61. Rb7+ Ka8 62. Rc7 Rh8 63. Kc6 Rh6+ 64. Kc5 Rh5+ 65. Kb4
Rh4+ 66. Rc4 Rh6 67. Rc6 Rh4+ 68. Rc4 Rh6 69. Rc5 Ka7 70. Ka5 Rh8 71. b6+ Ka8
72. a7 Kb7 73. Rc7+ Ka8 74. Ka6 Rb8 75. b7+ 1-0

[Event "OPEN IASI 2014"]
[Site "OPEN IASI 2014"]
[Date "2014.05.14"]
[Round "5.49"]
[White "Stoleriu , George"]
[Black "Mihailov, Iulian"]
[Result "1/2-1/2"]
[WhiteElo "1914"]
[BlackElo "2127"]
[PlyCount "78"]
[EventDate "2014.??.??"]

1. e4 c5 2. Nc3 g6 3. f4 Bg7 4. Nf3 Nc6 5. Bb5 Nd4 6. Bc4 e6 7. O-O Ne7 8. d3
O-O 9. Nxd4 cxd4 10. Nb1 d5 11. Bb3 dxe4 12. dxe4 b6 13. Qe2 Bb7 14. Nd2 Qc7
15. Bc4 Bh6 16. g3 Rfe8 17. Bd3 Qc6 18. Nf3 Red8 19. Bd2 Bg7 20. g4 Re8 21. Bb4
a5 22. Bd2 Rac8 23. Rac1 Qc5 24. a3 Rb8 25. b4 Qc7 26. Rb1 Bc6 27. Qf2 Red8 28.
bxa5 bxa5 29. Rxb8 Rxb8 30. Nxd4 Ba4 31. e5 Qc5 32. Ra1 Nd5 33. Nf3 Qc7 34. c4
Ne7 35. Qe1 Nc6 36. Rb1 Rd8 37. Be4 Bf8 38. Be3 Nb8 39. Qc3 Na6 1/2-1/2

[Event "Iasi ROM, World Amateur Ch"]
[Site "Iasi ROM"]
[Date "2013.04.27"]
[Round "6.11"]
[White "Fugulyan, Gergely Grigore"]
[Black "Stoleriu , George"]
[Result "0-1"]
[WhiteElo "1910"]
[BlackElo "1772"]
[PlyCount "36"]
[EventDate "2013.04.22"]
[EventType "swiss"]
[EventRounds "9"]
[EventCountry "ROM"]

1. d4 d5 2. c4 e6 3. Nf3 Nf6 4. Nc3 Be7 5. e3 O-O 6. Be2 b6 7. O-O Bb7 8. cxd5
exd5 9. Ne5 Nbd7 10. f4 c5 11. Bd2 Ne4 12. Nxe4 dxe4 13. Bc3 cxd4 14. Bxd4 Nxe5
15. Bxe5 Bc5 16. Qb3 Qd2 17. Kf2 Ba6 18. Rae1 Bd3 0-1

[Event "Iasi ROM, World Amateur Ch"]
[Site "Iasi ROM"]
[Date "2013.04.28"]
[Round "7.5"]
[White "Stoleriu , George"]
[Black "Tiron, Calin-Andrei"]
[Result "1/2-1/2"]
[WhiteElo "1772"]
[BlackElo "1924"]
[PlyCount "101"]
[EventDate "2013.04.22"]
[EventType "swiss"]
[EventRounds "9"]
[EventCountry "ROM"]

1. f4 d5 2. e3 c5 3. b3 Nc6 4. Bb5 Qb6 5. Bxc6+ Qxc6 6. Nf3 Bg4 7. h3 Bxf3 8.
Qxf3 e6 9. Bb2 f6 10. c4 Ne7 11. O-O dxc4 12. Qh5+ g6 13. Qe2 Kf7 14. Qxc4 b5
15. Qe2 Nf5 16. g4 Nd6 17. Rc1 Qb6 18. d3 Be7 19. Nd2 Rhc8 20. Rc2 Rc6 21. Rac1
Rac8 22. Kh2 a5 23. Ba1 Qa6 24. Qf3 a4 25. Bb2 Nb7 26. Ne4 axb3 27. axb3 Na5
28. Ra1 Qb6 29. Nd2 c4 30. Bd4 Qd8 31. bxc4 bxc4 32. dxc4 Nxc4 33. Nxc4 Rxc4
34. Rf2 Rb8 35. Qe2 Qd5 36. Rd1 Qc6 37. Ra1 Rb7 38. Qf3 Qc7 39. Qe2 Bd6 40. Kg2
Bxf4 41. Bxf6 Kxf6 42. exf4 Rbb4 43. Re1 Qc6+ 44. Kg1 Re4 45. Qf1 Qc3 46. Rxe4
Rxe4 47. Kh2 Re3 48. Qg2 Qc7 49. Qa8 Kg7 50. Qa1+ Kg8 51. Qa8+ 1/2-1/2